Представление документа в формате MARC21

Поле Инд. ПП Название Значение
Тип записи a
Библиографический уровень b
001 Контрольный номер 4da5ac7bc0014aefb666397e09604dd9
005 Дата корректировки 20260129142232.9
024 80 a Стандартный номер 10.47148/1609-364X-2025-4-66-72
040 a Служба первич. каталог. РИНЦ
b Код языка каталог. rus
041 0_ a Код языка текста rus
097 a Садовникова Л.В.
100 1_ a Автор Бакайкин С. В.
100 1_ a Автор Деев К. В.
100 1_ a Автор Чурилин М. Н.
100 1_ a Автор Финкельштейн М. Я.
c Титул (звания) старший научный сотрудник; доктор технических наук; профессор (должность)
i 000089091
g Прочие сведения РИНЦ AuthorID: 99542 (http://elibrary.ru/author_profile.asp?id= 99542); Scopus Author ID: 56086196400 (https://www.scopus.com/authid/detail.uri?authorId=56086196400)
k Кафедра геоинформационных систем и технологий; Институт системного анализа и управления
q Полное имя Финкельштейн Михаил Янкелевич
u Дополнение Финкельштейн М. Я.; Finkelstein M. Ya
245 10 a Заглавие Конвертация проектов ARCMAP, QGIS в ГИС INTEGRO. Анализ проблем совместимости и разработка подхода к их решению
773 18 t Название источника Геоинформатика
b Сведения об издании Всероссийский научно-исследовательский геологический нефтяной институт
c Москва
d Место и дата издания 2025
m Специф. данные входит в Белый список; входит в ядро РИНЦ; журнал из перечня ВАК; входит в базу данных RSCI; ненулевой импакт-фактор;
q У4 Белый список
o Прочие индексы РИНЦ 0,601
x ISSN 1609-364X
g Прочая информация № 4. - С. 66 - 72
w Контрольный № источника 1a1a6d474ecb4b1fa211016ac1859c7d
856 40 u URL https://elibrary.ru/item.asp?id=86310986
901 t Тип документа b
952 c Вид литературы статья в журнале